000 00715nam a2200205Ia 4500
005 20250103123325.0
008 008 250103s9999 xx 000 0 hin d
020 _a81-8143-209-6
037 _aTB
040 _aCRL
_bhin
_cCRL
041 _ahin
_2hin
084 _aNW44 152P9
_qCRL
100 _aअनवर जमाल, ले.
245 0 _aहॉलीवुड बॉलीवुड: रास्तों से अलग
_cअनवर जमाल, ले.
260 _aनई दिल्ली, भारत
_bवाणी प्रकाशन
_c2009
300 _a144पृ0
650 _aललित कला
_9156314
942 _cTB
_hNW44 152P9
999 _c1234373
_d1234373